[Event "Rated Blitz game"]
[Site "?"]
[Date "2021.06.24"]
[Round "?"]
[White "bayu-ekawanto"]
[Black "khalid_ontawar"]
[Result "0-1"]
[WhiteElo "2389"]
[BlackElo "2454"]
[PlyCount "102"]
[EventDate "2021.??.??"]
[EventType "blitz"]

1. e4 e5 2. Nf3 d5 3. Nxe5 Qe7 4. d4 f6 5. Ng4 dxe4 6. c3 Nc6 7. Bc4 h5 8. Ne3
g6 9. Qb3 Nh6 10. Nd5 Qd8 11. O-O Bd6 12. Re1 f5 13. Nf4 Ng4 14. Bf7+ Kf8 15.
Nxg6+ Kg7 16. h3 Rh6 17. Bxh6+ Kxh6 18. hxg4 hxg4 19. Nd2 Ne7 20. Nxe7 Qxe7 21.
Nf1 Kg7 22. Re3 Bd7 23. Rae1 Rh8 24. Ng3 Qh4 25. Kf1 f4 26. Be6 f3 27. Nf5+ Kf6
28. Nxh4 Rxh4 29. gxf3 gxf3 30. Kg1 Bh2+ 31. Kf1 Bf4 32. Kg1 Bh2+ 33. Kf1 Bf4
34. Kg1 Bxe6 35. Qxe6+ Kxe6 36. Rxe4+ Kf5 37. Rxf4+ Kxf4 38. Re3 Rg4+ 39. Kf1
Rh4 40. Ke1 Rh7 41. Kd2 Rh2 42. Kd3 Rxf2 43. d5 Rxb2 44. c4 Rxa2 45. Re4+ Kg3
46. Re8 Ra3+ 47. Kd4 f2 48. Rg8+ Kf3 49. Rf8+ Ke2 50. Re8+ Kd2 51. Rf8 f1=Q {
Time forfeit} 0-1

[Event "Rated Blitz game"]
[Site "?"]
[Date "2021.06.24"]
[Round "?"]
[White "Tinopov"]
[Black "annaly1979"]
[Result "0-1"]
[WhiteElo "2484"]
[BlackElo "2454"]
[PlyCount "112"]
[EventDate "2021.??.??"]
[EventType "blitz"]

1. e4 e5 2. Nf3 d5 3. d3 dxe4 4. dxe4 Qxd1+ 5. Kxd1 Bg4 6. Be2 Nc6 7. Ne1
O-O-O+ 8. Bd2 Nf6 9. f3 Be6 10. c3 Bc5 11. Kc2 h5 12. h4 Nd7 13. a4 a5 14. Na3
g6 15. Bc4 Bxa3 16. Bxe6 fxe6 17. Rxa3 Nc5 18. Be3 Na6 19. Ra1 Rd7 20. Nd3 Rhd8
21. Nf2 b6 22. Bg5 Rf8 23. Rhd1 Rd6 24. Rd2 Nc5 25. Nd3 Nd7 26. Rad1 Nf6 27. b3
Nh7 28. Nb2 Nxg5 29. hxg5 Rfd8 30. Rxd6 cxd6 31. Nc4 Kc7 32. Na3 Na7 33. Kd3
Kc6 34. Ke3 d5 35. Nc4 dxc4 36. Rxd8 cxb3 37. Kd2 b5 38. axb5+ Nxb5 39. Rc8+
Kb6 40. c4 Nd6 41. c5+ Kb7 42. Rg8 Nc4+ 43. Kc3 b2 44. Kc2 a4 45. Rxg6 a3 46.
Rg7+ Kc6 47. Ra7 Kxc5 48. g6 Ne3+ 49. Kb1 Nd1 50. Rxa3 Kb4 51. Rd3 Nc3+ 52.
Kxb2 Na4+ 53. Kc2 Nc5 54. g7 Kc4 55. Rc3+ Kd4 56. Rxc5 Ke3 {Time forfeit} 0-1

[Event "Rated Blitz game"]
[Site "?"]
[Date "2021.06.24"]
[Round "?"]
[White "Oleggelo17"]
[Black "ArslanMH"]
[Result "0-1"]
[WhiteElo "2410"]
[BlackElo "2248"]
[PlyCount "68"]
[EventDate "2021.??.??"]
[EventType "blitz"]

1. e4 e5 2. Nf3 d5 3. Nxe5 Qe7 4. d4 f6 5. Nd3 Nc6 6. Qh5+ g6 7. Qxd5 Bd7 8.
Be3 O-O-O 9. Qb3 f5 10. e5 Bh6 11. f4 g5 12. g3 gxf4 13. Nxf4 Bxf4 14. gxf4 Nh6
15. d5 Qh4+ 16. Bf2 Qxf4 17. Qe3 Qxe3+ 18. Bxe3 Ng4 19. Bg5 Ncxe5 20. Bxd8 Rxd8
21. Be2 Ne3 22. Kd2 Nxd5 23. Nc3 Nf4 24. Bd3 Nfxd3 25. cxd3 Bc6 26. Rhf1 Nxd3
27. Kc2 Nb4+ 28. Kb3 a5 29. Rxf5 b6 30. a3 Nd3 31. Rf7 Nc5+ 32. Kc2 Be8 33. Rg7
Bg6+ 34. Kc1 Nb3# {Normal} 0-1

[Event "Rated Blitz game"]
[Site "?"]
[Date "2021.06.24"]
[Round "?"]
[White "Soorajmr"]
[Black "KamranShirazi"]
[Result "0-1"]
[WhiteElo "2447"]
[BlackElo "2495"]
[PlyCount "126"]
[EventDate "2021.??.??"]
[EventType "blitz"]

1. e4 e5 2. Nf3 d5 3. exd5 e4 4. Ne5 Qxd5 5. d4 exd3 6. Nxd3 Bd6 7. Nc3 Qf5 8.
Be2 Nc6 9. Be3 Nf6 10. Qd2 Be6 11. O-O-O O-O-O 12. h3 Qa5 13. Kb1 Bb4 14. g4
Bxa2+ 15. Nxa2 Bxd2 16. Bxd2 Qd5 17. Nc3 Qe6 18. Nc5 Qe7 19. Be3 Rxd1+ 20. Rxd1
Rd8 21. Re1 Qf8 22. Bf3 Re8 23. b4 a6 24. Rd1 Rxe3 25. fxe3 Nxb4 26. Nxb7 Qe7
27. Rd8+ Qxd8 28. Nxd8 Kxd8 29. Kb2 Kd7 30. Kb3 a5 31. g5 Ne8 32. Nd5 Nxd5 33.
Bxd5 Nd6 34. c4 c5 35. e4 f6 36. gxf6 gxf6 37. Ka4 f5 38. exf5 Nxf5 39. Kxa5 h6
40. Kb6 Kd6 41. Kb7 Ne3 42. Bf7 Ke5 43. Kc6 Kd4 44. Kb5 Ng2 45. Bd5 Nf4 46. Bf7
Nxh3 47. Ka4 Ng5 48. Bd5 Ne4 49. Kb3 Nd2+ 50. Kc2 Nxc4 51. Bf7 Ne5 52. Be8 c4
53. Kc1 Kc3 54. Bh5 Nd3+ 55. Kb1 Nb4 56. Ka1 Kd2 57. Bg6 c3 58. Kb1 h5 59. Ka1
h4 60. Bf5 h3 61. Bxh3 c2 62. Bf5 c1=Q+ 63. Bb1 Qc3# {Normal} 0-1

[Event "Rated Blitz game"]
[Site "?"]
[Date "2021.06.24"]
[Round "?"]
[White "Leonid_Starozhilov"]
[Black "annaly1979"]
[Result "1/2-1/2"]
[WhiteElo "2537"]
[BlackElo "2416"]
[PlyCount "106"]
[EventDate "2021.??.??"]
[EventType "blitz"]

1. e4 e5 2. Nf3 d5 3. d4 dxe4 4. Nxe5 Bd6 5. Nc3 Bxe5 6. dxe5 Qxd1+ 7. Nxd1 Nc6
8. Bb5 Nge7 9. Nc3 Bf5 10. Bf4 O-O-O 11. h3 Nd4 12. Ba4 Ng6 13. Be3 Nxe5 14.
O-O-O Ndc6 15. Rd5 Be6 16. Rxd8+ Rxd8 17. Nxe4 h6 18. Nc5 Bd5 19. f3 g5 20. Rd1
a6 21. Ne4 Nc4 22. Bf2 Bxe4 23. Rxd8+ Kxd8 24. fxe4 b5 25. Bb3 Nd6 26. Bd5 Ne7
27. Bg3 Nxd5 28. exd5 Ne4 29. Bh2 Kd7 30. b3 b4 31. Kb2 a5 32. a3 Nf6 33. axb4
axb4 34. d6 cxd6 35. c3 bxc3+ 36. Kxc3 Kc6 37. Kc4 Ne4 38. b4 d5+ 39. Kd4 Nd2
40. b5+ Kxb5 41. Kxd5 f5 42. Ke5 f4 43. Bxf4 gxf4 44. Kxf4 Kc4 45. Kf5 Kd5 46.
Kg6 Nc4 47. Kxh6 Ne3 48. g4 Ke5 49. g5 Nf5+ 50. Kh7 Kf4 51. g6 Kg3 52. g7 Nxg7
53. Kxg7 Kxh3 {Normal} 1/2-1/2

[Event "Rated Blitz game"]
[Site "?"]
[Date "2021.06.24"]
[Round "?"]
[White "Miesov"]
[Black "Taabling"]
[Result "0-1"]
[WhiteElo "2320"]
[BlackElo "2503"]
[PlyCount "38"]
[EventDate "2021.??.??"]
[EventType "blitz"]

1. e4 e5 2. Nf3 d5 3. exd5 Bd6 4. Bb5+ c6 5. dxc6 Nxc6 6. d3 Nf6 7. O-O O-O 8.
Bg5 Bg4 9. Bxc6 bxc6 10. h3 Bh5 11. Nbd2 h6 12. Bxf6 gxf6 13. Ne4 Be7 14. g4 f5
15. gxh5 fxe4 16. dxe4 Qc8 17. Kg2 Kh7 18. Nxe5 Qe6 19. f3 Qxe5 {Normal} 0-1

[Event "Rated Blitz game"]
[Site "?"]
[Date "2021.06.24"]
[Round "?"]
[White "hate_club"]
[Black "KinzyabulatovRenat"]
[Result "1-0"]
[WhiteElo "2601"]
[BlackElo "2392"]
[PlyCount "65"]
[EventDate "2021.??.??"]
[EventType "blitz"]

1. e4 e5 2. Nf3 d5 3. Nxe5 Bd6 4. d4 dxe4 5. Bc4 Bxe5 6. Qh5 Qe7 7. Qxe5 Qxe5
8. dxe5 Nc6 9. Nc3 Nxe5 10. Nd5 Nxc4 11. Nxc7+ Kd8 12. Nxa8 f6 13. b3 Ne5 14.
O-O Bf5 15. Be3 b6 16. Rad1+ Kc8 17. h3 Ne7 18. g4 Bg6 19. Nxb6+ axb6 20. Bxb6
h5 21. Be3 hxg4 22. hxg4 Nf3+ 23. Kg2 Nc6 24. Rh1 Rg8 25. c3 Nce5 26. Kg3 Bf7
27. c4 g6 28. c5 f5 29. Rh7 Be6 30. Re7 Bd7 31. Bf4 Bc6 32. Bxe5 Nxe5 33. Rxe5
{Normal} 1-0

[Event "Rated Blitz game"]
[Site "?"]
[Date "2021.06.24"]
[Round "?"]
[White "Lightlike"]
[Black "KamranShirazi"]
[Result "1-0"]
[WhiteElo "2590"]
[BlackElo "2504"]
[PlyCount "99"]
[EventDate "2021.??.??"]
[EventType "blitz"]

1. e4 e5 2. Nf3 d5 3. d4 dxe4 4. Nxe5 Nd7 5. Bf4 Nxe5 6. Bxe5 Be6 7. Nc3 f6 8.
Bg3 f5 9. Be5 Nf6 10. Bb5+ c6 11. Ba4 Bd6 12. O-O Bxe5 13. dxe5 Qxd1 14. Raxd1
Ng4 15. f4 Ne3 16. Rd6 Nxf1 17. Rxe6+ Kf7 18. Bb3 Nd2 19. Rxc6+ Nxb3 20. Rc7+
Kg6 21. axb3 Rhc8 22. Rxb7 a5 23. Kf2 a4 24. bxa4 Rab8 25. Rxb8 Rxb8 26. Nb5
Rc8 27. c3 Kh5 28. h3 g5 29. g3 gxf4 30. gxf4 Kh4 31. a5 Rc5 32. c4 Rxc4 33. a6
Rb4 34. a7 Rxb2+ 35. Ke3 Rb3+ 36. Ke2 Rb2+ 37. Kd1 Rb1+ 38. Kc2 Ra1 39. e6 e3
40. e7 e2 41. e8=Q e1=Q 42. Qxe1+ Rxe1 43. a8=Q Re4 44. Qg8 Rxf4 45. Qxh7+ Kg3
46. Nc3 Rh4 47. Ne2+ Kxh3 48. Qxf5+ Kh2 49. Qf2+ Kh3 50. Qg3# {Normal} 1-0

[Event "Rated Blitz game"]
[Site "?"]
[Date "2021.06.24"]
[Round "?"]
[White "KingSlayerK"]
[Black "KamranShirazi"]
[Result "0-1"]
[WhiteElo "2429"]
[BlackElo "2529"]
[PlyCount "40"]
[EventDate "2021.??.??"]
[EventType "blitz"]

1. e4 e5 2. Nf3 d5 3. exd5 e4 4. Qe2 Nf6 5. d3 Bb4+ 6. Bd2 O-O 7. Bxb4 exf3 8.
Qxf3 Re8+ 9. Kd2 Nxd5 10. Bc3 Qg5+ 11. Kd1 Bg4 12. Nd2 Nxc3+ 13. bxc3 Bxf3+ 14.
Nxf3 Qa5 15. Kd2 Nc6 16. a4 Rad8 17. h4 Ne5 18. Rh3 Nc4+ 19. Kc1 Qxc3 20. Rb1
Re1+ {Normal} 0-1

[Event "Rated Blitz game"]
[Site "?"]
[Date "2021.06.24"]
[Round "?"]
[White "neroli"]
[Black "khalid_ontawar"]
[Result "0-1"]
[WhiteElo "2440"]
[BlackElo "2485"]
[PlyCount "38"]
[EventDate "2021.??.??"]
[EventType "blitz"]

1. e4 e5 2. Nf3 d5 3. Nxe5 Qe7 4. d4 f6 5. Nd3 dxe4 6. Nf4 Bf5 7. Be3 Nc6 8. c3
O-O-O 9. Bb5 g5 10. Bxc6 gxf4 11. Bxb7+ Kxb7 12. Qb3+ Ka8 13. Bxf4 Bh6 14. Bg3
e3 15. f3 e2 16. Qc4 c5 17. Qxc5 Qxc5 18. dxc5 Rd1+ 19. Kxe2 Rxh1 {Normal} 0-1

[Event "Rated Blitz game"]
[Site "?"]
[Date "2021.06.24"]
[Round "?"]
[White "ProfessorYenk"]
[Black "lavilaine"]
[Result "1-0"]
[WhiteElo "2453"]
[BlackElo "2392"]
[PlyCount "39"]
[EventDate "2021.??.??"]
[EventType "blitz"]

1. e4 e5 2. Nf3 d5 3. exd5 e4 4. Qe2 f5 5. d3 Nf6 6. Bg5 Qxd5 7. Bxf6 gxf6 8.
Nbd2 Bh6 9. dxe4 fxe4 10. Qxe4+ Qxe4+ 11. Nxe4 O-O 12. Bc4+ Kg7 13. O-O Nc6 14.
Rfe1 Bg4 15. Ng3 Bxf3 16. Nf5+ Kg6 17. Nh4+ Kh5 18. Nxf3 Rfe8 19. Rxe8 Rxe8 20.
Bf7+ {Normal} 1-0

[Event "Rated Blitz game"]
[Site "?"]
[Date "2021.06.24"]
[Round "?"]
[White "YourDentist93"]
[Black "annaly1979"]
[Result "0-1"]
[WhiteElo "2496"]
[BlackElo "2454"]
[PlyCount "170"]
[EventDate "2021.??.??"]
[EventType "blitz"]

1. e4 e5 2. Nf3 d5 3. Nxe5 Qe7 4. Nd3 dxe4 5. Nf4 f5 6. Be2 Nf6 7. d3 Nc6 8.
O-O Bd7 9. Nc3 O-O-O 10. Ncd5 Qf7 11. dxe4 fxe4 12. Nxf6 gxf6 13. Qd5 Ne5 14.
Qxf7 Nxf7 15. Be3 Bd6 16. Rad1 f5 17. Bc4 Ne5 18. Be6 Rhe8 19. Bxd7+ Rxd7 20.
Rd5 Ng4 21. Rxf5 Nxe3 22. fxe3 Be5 23. c3 Rd2 24. Rf2 Rd1+ 25. Rf1 Rd2 26. Rh5
Bd6 27. Rf2 Rd1+ 28. Rf1 Rd2 29. b4 Rxa2 30. Rxh7 a5 31. Nd5 axb4 32. cxb4 Kb8
33. g3 Rb2 34. Rff7 Rc2 35. Rf5 Rd2 36. Rfh5 Be5 37. Nf4 Rb2 38. Ng6 Bd6 39.
Rh8 Rxh8 40. Rxh8+ Ka7 41. Re8 Rxb4 42. Nf4 Bc5 43. Nd5 Rc4 44. Kf2 c6 45. Nf4
Rc2+ 46. Ne2 Rc4 47. Rh8 Ra4 48. Re8 Kb6 49. g4 Ra3 50. Rxe4 Kc7 51. g5 Ra8 52.
h4 Rh8 53. Rg4 Be7 54. g6 Bxh4+ 55. Kf3 Bf6 56. Nf4 Kd6 57. Nd3 b5 58. Nf4 c5
59. Rg2 b4 60. Rd2+ Kc6 61. Rg2 c4 62. g7 Rg8 63. Rg6 Rxg7 64. Rxf6+ Kb5 65.
Rf5+ Ka4 66. Re5 Kb3 67. Re4 c3 68. Nd5 Rb7 69. Rxb4+ Rxb4 70. Nxc3 Kxc3 71. e4
Kd3 72. Kf4 Rxe4+ 73. Kf5 Re3 74. Kf6 Re4 75. Kf7 Kd4 76. Kg6 Kd5 77. Kg7 Re5
78. Kg6 Kd6 79. Kf7 Re6 80. Kg7 Kd7 81. Kh7 Ke7 82. Kg7 Kd6 83. Kh7 Ke5 84. Kg8
Kf5 85. Kg7 Rf6 {Time forfeit} 0-1

[Event "Rated Blitz game"]
[Site "?"]
[Date "2021.06.24"]
[Round "?"]
[White "salviogrecoverdoni"]
[Black "KinzyabulatovRenat"]
[Result "1/2-1/2"]
[WhiteElo "2430"]
[BlackElo "2382"]
[PlyCount "131"]
[EventDate "2021.??.??"]
[EventType "blitz"]

1. e4 e5 2. Nf3 d5 3. exd5 e4 4. Qe2 Nf6 5. d3 Qxd5 6. Nbd2 Nc6 7. Nxe4 Be6 8.
Neg5 O-O-O 9. Nxe6 fxe6 10. Bd2 e5 11. c3 a5 12. Ng5 Bc5 13. Ne4 Rhe8 14. Nxc5
Qxc5 15. O-O-O a4 16. Kb1 a3 17. b3 Nd5 18. Rc1 Nf4 19. Qe3 Qxe3 20. Bxe3 Nxd3
21. Bxd3 Rxd3 22. Kc2 e4 23. Rcd1 Red8 24. Rxd3 Rxd3 25. Rd1 Rxd1 26. Kxd1 b6
27. h3 Kd7 28. Bc1 Ne5 29. Bxa3 Nd3 30. Ke2 c5 31. Ke3 Ke6 32. f3 exf3 33. gxf3
Ne5 34. c4 g5 35. Bb2 Ng6 36. Ke4 h5 37. Bc1 Kf6 38. a4 h4 39. Be3 Ne7 40. a5
bxa5 41. Bxc5 Nc6 42. Bb6 Ke6 43. Be3 Kf6 44. f4 gxf4 45. Bxf4 Kg6 46. Bd2 Kh5
47. Kd5 Ne7+ 48. Ke6 Ng6 49. Kf5 Ne7+ 50. Ke4 Nc6 51. Bc3 a4 52. bxa4 Kg5 53.
a5 Nxa5 54. Bxa5 Kf6 55. Bd8+ Ke6 56. Bxh4 Kd7 57. Bg3 Kc6 58. h4 Kc5 59. h5
Kxc4 60. h6 Kc5 61. h7 Kc6 62. h8=Q Kc5 63. Qd4+ Kc6 64. Bf2 Kc7 65. Qd5 Kc8
66. Bg3 {Normal} 1/2-1/2

[Event "Rated Blitz tournament jPoY6pmo"]
[Site "?"]
[Date "2021.06.24"]
[Round "?"]
[White "amzbkd"]
[Black "om_gendut"]
[Result "0-1"]
[WhiteElo "2432"]
[BlackElo "2391"]
[PlyCount "38"]
[EventDate "2021.??.??"]
[EventType "blitz"]

1. e4 e5 2. Nf3 d5 3. exd5 e4 4. Qe2 Be7 5. Qxe4 Nf6 6. Qc4 O-O 7. d4 Nxd5 8.
Be2 Nc6 9. a3 Bf5 10. b4 Nb6 11. Qb3 Nxd4 12. Nxd4 Qxd4 13. Bb2 Qe4 14. Nd2
Qxc2 15. Qxc2 Bxc2 16. Rc1 Bg6 17. Rxc7 Rfe8 18. Bb5 Bd6+ 19. Bxe8 Rxe8+ {
Normal} 0-1

[Event "Rated Blitz tournament jPoY6pmo"]
[Site "?"]
[Date "2021.06.24"]
[Round "?"]
[White "bayu-ekawanto"]
[Black "om_gendut"]
[Result "1-0"]
[WhiteElo "2385"]
[BlackElo "2409"]
[PlyCount "58"]
[EventDate "2021.??.??"]
[EventType "blitz"]

1. e4 e5 2. Nf3 d5 3. Nxe5 Bd6 4. d4 dxe4 5. Nc4 Be7 6. Nc3 Nf6 7. Bg5 Bf5 8.
Ne3 Bg6 9. Bc4 O-O 10. h4 h6 11. Bxf6 Bxf6 12. h5 Bh7 13. Ng4 Bxd4 14. Qe2
Bxc3+ 15. bxc3 Nc6 16. Rd1 Qg5 17. Rh3 Rad8 18. Rb1 Ne5 19. Rg3 Nxc4 20. Qxc4
Qd2+ 21. Kf1 Qxc2 22. Re1 Kh8 23. Ne5 Bg8 24. Qxc7 Rd2 25. Ng4 f5 26. Ne3 Rxf2+
27. Kg1 Rf7 28. Qxf7 Rxg2+ 29. Rxg2 Qxg2+ {Normal} 1-0

[Event "Rated Blitz game"]
[Site "?"]
[Date "2021.06.24"]
[Round "?"]
[White "Cagnone"]
[Black "Chisopa1"]
[Result "0-1"]
[WhiteElo "2341"]
[BlackElo "2402"]
[PlyCount "44"]
[EventDate "2021.??.??"]
[EventType "blitz"]

1. e4 e5 2. Nf3 d5 3. exd5 e4 4. Qe2 Nf6 5. d3 Bf5 6. dxe4 Bxe4 7. c4 Bb4+ 8.
Nc3 Bxc3+ 9. bxc3 O-O 10. Be3 c6 11. Ng5 cxd5 12. Nxe4 Nxe4 13. Qd3 Qa5 14.
cxd5 Nxc3 15. Bd2 Re8+ 16. Be2 Qxd5 17. Qxd5 Nxd5 18. Rb1 Nc6 19. Rxb7 Nd4 20.
Be3 Nxe3 21. fxe3 Rxe3 22. Rb2 Rae8 {Normal} 0-1

[Event "Rated Blitz game"]
[Site "?"]
[Date "2021.06.24"]
[Round "?"]
[White "rightitsrafa"]
[Black "annaly1979"]
[Result "0-1"]
[WhiteElo "2493"]
[BlackElo "2468"]
[PlyCount "60"]
[EventDate "2021.??.??"]
[EventType "blitz"]

1. e4 e5 2. Nf3 d5 3. d3 dxe4 4. dxe4 Qxd1+ 5. Kxd1 Bg4 6. Be2 Nc6 7. c3 Bc5 8.
Be3 Bxe3 9. fxe3 f6 10. Kc2 Nge7 11. Nbd2 Nc8 12. Nc4 b5 13. Ncd2 a6 14. a4 b4
15. Nc4 Be6 16. Rad1 b3+ 17. Kc1 Ke7 18. Rhg1 Nb6 19. Nxb6 cxb6 20. g4 h6 21.
h4 Na5 22. g5 hxg5 23. hxg5 Bc4 24. gxf6+ gxf6 25. Rg2 Rag8 26. Rxg8 Rxg8 27.
Bxc4 Nxc4 28. Re1 Rg3 29. Nh4 Ke6 30. Nf5 Rg2 {Normal} 0-1

[Event "Rated Blitz game"]
[Site "?"]
[Date "2021.06.24"]
[Round "?"]
[White "Hideki-Ryuga"]
[Black "khalid_ontawar"]
[Result "1-0"]
[WhiteElo "2369"]
[BlackElo "2444"]
[PlyCount "43"]
[EventDate "2021.??.??"]
[EventType "blitz"]

1. e4 e5 2. Nf3 d5 3. exd5 e4 4. Qe2 Nf6 5. d3 Bf5 6. Nc3 Bb4 7. Bg5 Bxc3+ 8.
bxc3 O-O 9. dxe4 Bxe4 10. Qxe4 Nxe4 11. Bxd8 Rxd8 12. c4 c6 13. Bd3 Nc5 14.
O-O-O cxd5 15. cxd5 Nxd3+ 16. Rxd3 Nd7 17. Re1 Kf8 18. d6 Rac8 19. Re7 Rc6 20.
Ng5 f6 21. Ne6+ Kg8 22. Nxd8 {Normal} 1-0

[Event "Rated Blitz tournament IbvAk2hz"]
[Site "?"]
[Date "2021.06.24"]
[Round "?"]
[White "NOELDelaCruz"]
[Black "Jorny_Too_Pass"]
[Result "0-1"]
[WhiteElo "2400"]
[BlackElo "2239"]
[PlyCount "41"]
[EventDate "2021.??.??"]
[EventType "blitz"]

1. e4 e5 2. Nf3 d5 3. Nxe5 Bd6 4. d4 dxe4 5. Nc4 Nf6 6. Nc3 O-O 7. Bg5 Be7 8.
Be2 Bf5 9. Ne3 Bg6 10. h4 h6 11. Bxf6 Bxf6 12. h5 Bh7 13. Ncd5 c6 14. Nxf6+
Qxf6 15. c3 Nd7 16. Qb3 Nb6 17. O-O-O Qxf2 18. Ng4 Qxe2 19. Rh4 e3 20. c4 Qxc4+
21. Qxc4 {Normal} 0-1

[Event "Rated Blitz game"]
[Site "?"]
[Date "2021.06.24"]
[Round "?"]
[White "breaker90"]
[Black "Raiven77"]
[Result "1-0"]
[WhiteElo "2406"]
[BlackElo "2232"]
[PlyCount "109"]
[EventDate "2021.??.??"]
[EventType "blitz"]

1. e4 e5 2. Nf3 d5 3. exd5 Nf6 4. Nxe5 Qxd5 5. Nf3 Bg4 6. Be2 Bd6 7. Nc3 Qf5 8.
d3 O-O 9. Be3 Re8 10. Qd2 Bb4 11. a3 Bxc3 12. Qxc3 Nd5 13. Qd2 Qe6 14. O-O Nxe3
15. fxe3 Qxe3+ 16. Qxe3 Rxe3 17. Rae1 Nc6 18. Bd1 Rae8 19. Rxe3 Rxe3 20. Kf2
Re7 21. c3 Kf8 22. d4 h6 23. Ba4 Bxf3 24. Kxf3 Rd7 25. Bxc6 bxc6 26. Ke4 Ke7
27. Rf5 Rd6 28. Ra5 Rg6 29. g3 Kd7 30. a4 h5 31. Rxh5 Kc8 32. Rf5 f6 33. Rh5
Kb7 34. b4 a6 35. a5 Kc8 36. c4 Kd7 37. b5 cxb5 38. cxb5 Rg4+ 39. Kd3 axb5 40.
Rxb5 c6 41. Rb7+ Kc8 42. a6 Rg5 43. Ke4 g6 44. Rf7 Ra5 45. Rxf6 Rxa6 46. Rxg6
Kd7 47. h4 Ke7 48. h5 Kf7 49. Rg4 Ra8 50. h6 Rh8 51. Rh4 Ke6 52. h7 Kf6 53. Kd3
Kg5 54. Kc4 Kf6 55. Kc5 {Normal} 1-0

[Event "Rated Blitz game"]
[Site "?"]
[Date "2021.06.24"]
[Round "?"]
[White "Partisiano"]
[Black "KamranShirazi"]
[Result "1-0"]
[WhiteElo "2439"]
[BlackElo "2549"]
[PlyCount "123"]
[EventDate "2021.??.??"]
[EventType "blitz"]

1. e4 e5 2. Nf3 d5 3. Nxe5 Bd6 4. d4 dxe4 5. Bc4 Bxe5 6. Qh5 Qe7 7. dxe5 Nc6 8.
Bg5 Qf8 9. Nc3 Nxe5 10. O-O-O Bd7 11. Nd5 Rc8 12. Bb3 c6 13. Bh4 Ng6 14. Nc3
Nxh4 15. Qxh4 Qe7 16. Qg3 f5 17. Rhe1 h6 18. Qg6+ Kf8 19. f3 e3 20. Kb1 Be8 21.
Qxf5+ Nf6 22. Ne4 Rd8 23. Rxd8 Qxd8 24. Nxf6 Qxf6 25. Qc5+ Qe7 26. Qxe7+ Kxe7
27. Rxe3+ Kd6 28. c3 Bg6+ 29. Kc1 Re8 30. Rxe8 Bxe8 31. Kd2 c5 32. Ke3 g5 33.
g3 Ke5 34. f4+ gxf4+ 35. gxf4+ Kf5 36. Bc2+ Kf6 37. Be4 b6 38. b4 Bf7 39. a4
Bb3 40. a5 cxb4 41. cxb4 bxa5 42. bxa5 Ke6 43. Kd4 Kd6 44. f5 Bf7 45. h4 Bb3
46. Bb7 Bf7 47. Ke4 Be8 48. Kf4 Bf7 49. Bf3 Be8 50. Bd1 Bd7 51. Bb3 Be8 52. f6
Bg6 53. Bc4 Bh5 54. Kf5 Be8 55. f7 Bxf7 56. Bxf7 Kc5 57. a6 Kb5 58. Kg6 Kxa6
59. Kxh6 Kb6 60. Kg7 a5 61. h5 Kc5 62. h6 {Time forfeit} 1-0

[Event "Rated Blitz game"]
[Site "?"]
[Date "2021.06.24"]
[Round "?"]
[White "TamirEhirit"]
[Black "khalid_ontawar"]
[Result "0-1"]
[WhiteElo "2347"]
[BlackElo "2468"]
[PlyCount "76"]
[EventDate "2021.??.??"]
[EventType "blitz"]

1. e4 e5 2. Nf3 d5 3. Nxe5 Qe7 4. d4 f6 5. Qh5+ g6 6. Nxg6 Qxe4+ 7. Be3 Qxg6 8.
Qxd5 Bd6 9. Bd3 Qg7 10. Nc3 Ne7 11. Qf3 Nbc6 12. h3 O-O 13. O-O-O Kh8 14. g4 f5
15. g5 f4 16. Bd2 Nxd4 17. Qh5 Bf5 18. Ne4 Bxe4 19. Bxe4 c5 20. c3 Ndf5 21. h4
Rad8 22. Qf3 c4 23. Rdg1 b5 24. h5 a5 25. g6 h6 26. Rg4 Be5 27. Bxf4 Bxf4+ 28.
Rxf4 Nd6 29. Bc2 Rxf4 30. Qxf4 Ndf5 31. Re1 Rf8 32. Qc7 Nd5 33. Qxa5 Nf4 34.
Qxb5 Nd3+ 35. Bxd3 cxd3 36. Qxd3 Qf6 37. a4 Rd8 38. Kb1 Rxd3 {Normal} 0-1

[Event "Rated Blitz game"]
[Site "?"]
[Date "2021.06.24"]
[Round "?"]
[White "BMpachess"]
[Black "KinzyabulatovRenat"]
[Result "0-1"]
[WhiteElo "2438"]
[BlackElo "2386"]
[PlyCount "110"]
[EventDate "2021.??.??"]
[EventType "blitz"]

1. e4 e5 2. Nf3 d5 3. Nxe5 Bd6 4. d4 dxe4 5. Nc4 Nf6 6. Be2 O-O 7. O-O Nc6 8.
c3 Re8 9. Bg5 Be7 10. Nbd2 h6 11. Bh4 Nd5 12. Bg3 f5 13. Bh5 Rf8 14. Be5 b5 15.
Ne3 Nxe5 16. dxe5 f4 17. Nxd5 Qxd5 18. Qb3 Be6 19. Nxe4 Qxe5 20. Qd1 Qxe4 21.
Re1 Qf5 22. Qe2 Rf6 23. h3 Bc4 24. Qf3 Bd5 25. Qe2 Bd6 26. Bg4 Qg5 27. Rad1 f3
28. Qd3 Bc4 29. Qe4 Raf8 30. b3 Bf7 31. Bxf3 Rxf3 32. Qxf3 Bh5 33. Qd5+ Qxd5
34. Rxd5 Bg6 35. Rxb5 Ra8 36. c4 Kf7 37. c5 Be7 38. Rb7 Bd8 39. c6 a5 40. Rd1
Be4 41. Rc1 Ra6 42. f3 Bxc6 43. Rb8 Be7 44. Rc8 Bd6 45. Re1 Bd7 46. Rd8 Be6 47.
Rd1 a4 48. Kh1 axb3 49. axb3 Bxb3 50. Rb1 Be6 51. Rbb8 Ra2 52. Kg1 Bg3 53. Kf1
Bc4+ 54. Kg1 Ra1+ 55. Rd1 Rxd1# {Normal} 0-1

[Event "Rated Blitz tournament IbvAk2hz"]
[Site "?"]
[Date "2021.06.24"]
[Round "?"]
[White "junmark-baldesimo24"]
[Black "NDMUSPERM523"]
[Result "0-1"]
[WhiteElo "2401"]
[BlackElo "2217"]
[PlyCount "64"]
[EventDate "2021.??.??"]
[EventType "blitz"]

1. e4 e5 2. Nf3 d5 3. Nxe5 Qe7 4. d4 f6 5. Ng4 Bxg4 6. Qxg4 Qxe4+ 7. Qxe4+ dxe4
8. c4 f5 9. Nc3 Nf6 10. Bf4 Bd6 11. Bxd6 cxd6 12. d5 Nbd7 13. Nb5 Ke7 14. Nc7
Rac8 15. Ne6 g6 16. b3 Ne5 17. Kd2 b6 18. h3 h5 19. Be2 h4 20. f4 Nf7 21. a4 a5
22. Ke3 Nd7 23. Kd4 Nc5 24. Nxc5 bxc5+ 25. Ke3 Rb8 26. Bd1 Kf6 27. Bc2 g5 28.
Raf1 Rhg8 29. Rf2 gxf4+ 30. Kxf4 Rg3 31. Re1 Nh8 32. Bxe4 Ng6# {Normal} 0-1

[Event "Rated Blitz game"]
[Site "?"]
[Date "2021.06.24"]
[Round "?"]
[White "Maybach77"]
[Black "khalid_ontawar"]
[Result "0-1"]
[WhiteElo "2354"]
[BlackElo "2470"]
[PlyCount "90"]
[EventDate "2021.??.??"]
[EventType "blitz"]

1. e4 e5 2. Nf3 d5 3. exd5 e4 4. Qe2 Nf6 5. d3 Bf5 6. Nbd2 Qxd5 7. dxe4 Bxe4 8.
c4 Qf5 9. Nd4 Qe5 10. Nb5 Bd6 11. f3 Bc6 12. Nxd6+ cxd6 13. Qxe5+ dxe5 14. Bd3
O-O 15. O-O Rd8 16. Bc2 Nbd7 17. Re1 Re8 18. Ne4 Nxe4 19. Bxe4 Bxe4 20. Rxe4
Nc5 21. Re1 Rad8 22. Be3 b6 23. Bxc5 bxc5 24. Rad1 Rd4 25. b3 f6 26. Rxd4 cxd4
27. Kf2 Kf7 28. Ke2 f5 29. Kd3 g5 30. g4 Kf6 31. gxf5 Kxf5 32. c5 Kf4 33. Rf1
h5 34. h3 Kg3 35. Kc4 Kxh3 36. Rg1 g4 37. fxg4 hxg4 38. c6 g3 39. Kd5 g2 40. c7
Kh2 41. Re1 g1=Q 42. Rxg1 Kxg1 43. Kd6 Rc8 44. Kd7 Rxc7+ 45. Kxc7 d3 {Normal}
0-1

[Event "Rated Blitz game"]
[Site "?"]
[Date "2021.06.24"]
[Round "?"]
[White "bouzidian"]
[Black "khalid_ontawar"]
[Result "1-0"]
[WhiteElo "2416"]
[BlackElo "2457"]
[PlyCount "55"]
[EventDate "2021.??.??"]
[EventType "blitz"]

1. e4 e5 2. Nf3 d5 3. Nxe5 Qe7 4. d4 f6 5. Ng4 dxe4 6. Bc4 Bf5 7. Ne3 Bg6 8.
O-O Nd7 9. Nc3 O-O-O 10. Nb5 Kb8 11. Nxc7 Kxc7 12. Nd5+ Kb8 13. Nxe7 Bxe7 14.
Bf4+ Ka8 15. a4 f5 16. a5 a6 17. Qe2 Nb8 18. b4 Nf6 19. b5 Nd5 20. Bxb8 Kxb8
21. bxa6 f4 22. Bxd5 Rxd5 23. Rab1 f3 24. Rxb7+ Ka8 25. Qc4 Rg5 26. Rxe7 Rxg2+
27. Kh1 e3 28. Qc6+ {Normal} 1-0

[Event "Rated Blitz game"]
[Site "?"]
[Date "2021.06.24"]
[Round "?"]
[White "d-pawn"]
[Black "khalid_ontawar"]
[Result "1-0"]
[WhiteElo "2555"]
[BlackElo "2463"]
[PlyCount "75"]
[EventDate "2021.??.??"]
[EventType "blitz"]

1. e4 e5 2. Nf3 d5 3. Nxe5 Qe7 4. d4 f6 5. Nd3 dxe4 6. Nf4 Bf5 7. Nc3 Nc6 8.
Bb5 g5 9. d5 gxf4 10. dxc6 b6 11. Nd5 Rd8 12. Nxe7 Rxd1+ 13. Kxd1 Bxe7 14. Bxf4
Kd8 15. Ke2 Kc8 16. Rhd1 Be6 17. a4 a5 18. Rd4 f5 19. Rad1 Nf6 20. h3 Rg8 21.
Kf1 Bc5 22. Ba6+ Kb8 23. Rd8+ Ka7 24. Bb7 Nd5 25. Rxg8 Bxg8 26. Be5 e3 27. b3
exf2 28. Bd4 Bxd4 29. Rxd4 Ne3+ 30. Kxf2 Nxc2 31. Rd7 Bxb3 32. Rxc7 Bxa4 33.
Rxh7 Bb3 34. h4 a4 35. Bc8+ Kb8 36. Bxf5 Nd4 37. c7+ Kb7 38. c8=Q# {Normal} 1-0